000 00810cam a22002413a 4500
001 34766
003 PGUSA
005 20140828083741.0
008 101227s2010||||xxu|||||s|||||000 1 eng d
040 _aPGUSA
_beng
042 _adc
050 4 _aPR
100 1 _aBeckford, William,
_d1760-1844
245 1 0 _aShorter Novels, Eighteenth Century :
_bThe History of Rasselas, Prince of Abyssinia; The Castle of Otranto, a Gothic Story; Vathek, an Arabian Tale
_h[electronic resource] /
_cWilliam Beckford
260 _bProject Gutenberg,
_c2010
506 _aPublic domain in the USA.
516 _aElectronic text
653 _aEnglish fiction -- 18th century
700 1 _aRhys, Ernest,
_d1859-1946
830 0 _aProject Gutenberg
_v34766
856 4 0 _uhttp://www.gutenberg.org/ebooks/34766
942 _cEB
999 _c264021
_d264021